La tregua

Salvato in:
Dettagli Bibliografici
Autore principale: Benedetti, Mario (Autore)
Natura: Libro
Lingua:spagnolo
Pubblicazione: Ciudad de México Diogenes 1969
Soggetti:
Tags: Aggiungi Tag
Nessun Tag, puoi essere il primo ad aggiungerne!!

MARC

LEADER 00000nam a2200000 a 4500
001 UCX5686
003 CL-VaPUC
008 930106e19690000MX |||||||||||||||||spa|d
082 0 4 |a Ur863  |b BEN  |2 21 
100 0 |a Benedetti, Mario  |e author  |9 322033 
245 1 3 |a La tregua 
300 |a 191 p 
942 |c BK 
945 |d 19930106 00:00:00 
260 |a Ciudad de México  |b Diogenes  |c 1969 
650 0 |a Novelas uruguayas  |9 317140 
583 |a last modification  |c 19930106 00:00:00  |k Rodrigo Vera 
999 |c 225883  |d 225881 
952 |0 0  |1 0  |4 0  |6 UR_863_000000000000000_BEN_1969  |7 0  |8 A  |9 223788  |a BIBEDU  |b BIBEDU  |d 2019-11-15  |i 2926164  |o Ur863 BEN 1969  |p 2926164  |r 2019-11-15  |w 2019-11-15  |y BK  |k LIT